000 00693nam a22002417a 4500
003 UA-OsUOA
001 132660
007 ta
008 20180829b un ||||| |||| 00| 0 ukr d
100 _aГримич М.
090 _a821.161.2
_bГ84
942 _cBK
040 _aUA-OsUOA
_bukr
_cUA-OsUOA
_dUA-OsUOA
245 _aЛетючий сміттєвоз
_bроман для teen-iв, їхніх батьків та вчителів
300 _a80 с.
955 _a3
041 _aukr
080 _a821.161.2
020 _a978-617-7310-02-9
260 _aК.
_bДуліби
_c2016
650 7 _a82 Література. Літературознавство
_2UDC
999 _c421208
_d421208